000 00323nam a22001457a 4500
008 221109b ||||| |||| 00| 0 eng d
020 _a0684193434
041 _aeng
080 _a159.9
082 _a159.9 SEU
100 _a25
101 _aPSI
245 _aHOW TO WRITE CHILDREN'S BOOL
_cSEULING B
942 _2udc
_cBK
999 _c58817
_d58817